Biblioteca

Foundations of the Christian faith : (Registro nro. 66655)

Detalles MARC
000 -LÍDER
Campo fijo de descripción fija 03967cam a2200409 i 4500
001 - NÚMERO DE CONTROL
Campo de control 768714001
003 - IDENTIFICADOR DEL NÚMERO DE CONTROL
Campo de control CO-MdFUSB
005 - FECHA Y HORA DE LA ULTIMA TRANSACCIÓN
control field 20230411110741.0
007 - CAMPO FIJO DE DESCRIPCIÓN FIJA--INFORMACIÓN GENERAL
Campo fijo de descripción fija ta
008 - ELEMENTOS DE LONGITUD FIJA -- INFORMACIÓN GENERAL
Campo fijo de descripción fija -- Información general 860131t1986 ilu b 001 0 eng
010 ## - NÚMERO DE CONTROL DE LA BIBLIOTECA DEL CONGRESO
Número de control LC 86002736
020 ## - NÚMERO INTERNACIONAL NORMALIZADO PARA LIBROS
Número Internacional Normalizado del libro 0877849919
020 ## - NÚMERO INTERNACIONAL NORMALIZADO PARA LIBROS
Número Internacional Normalizado del libro 9780877849919
040 ## - FUENTE DE CATALOGACIÓN
Agencia de catalogación original DLC
Agencia que realiza la transcripción CO-MdFUSB
Agencia que realiza la modificación PGC
-- BAKER
-- YDXCP
-- OCLCG
-- NLE
-- CRU
Idioma de catalogación spa
Convenciones de la descripción rda
041 ## - CÓDIGO DE IDIOMA
Código de idioma para texto/pista de sonido o título separado eng
082 ## - NÚMERO DE CLASIFICACIÓN DECIMAL DEWEY
Número de la edición del Dewey 23
Número de clasificación 230.51
Clave de autor-Numero de item B678
100 1# - ASIENTO PRINCIPAL--NOMBRE PERSONAL
Nombre personal Boice, James Montgomery,
Fechas asociadas con el nombre 1938-2000.
Término relacionador autor
245 10 - TÍTULO
Título del Material Foundations of the Christian faith :
Parte restante del título - Subtitulo a comprehensive and readable theology
Mención de responsabilidad, etc. / James Montgomery Boice.
250 ## - MENCIÓN DE EDICIÓN
Mención de edición edición revisada
264 #1 - PRODUCCIÓN, PUBLICACIÓN, DISTRIBUCIÓN, MANUFACTURA, Y COPYRIGHT
Lugar de producción, publicación, distribución, manufactura Downers Grove, Ill. :
Nombre del productor, publicador, distribuidor InterVarsity Press,
Fecha de producción, publicación, distribución, manufactura, o copyright [1986]
264 #4 - PRODUCCIÓN, PUBLICACIÓN, DISTRIBUCIÓN, MANUFACTURA, Y COPYRIGHT
Fecha de producción, publicación, distribución, manufactura, o copyright © 1986
300 ## - DESCRIPCIÓN FÍSICA
Extensión 740 páginas ;
Dimensiones 24 cm.
336 ## - TIPO DE CONTENIDO
Fuente rdacontent
Término de tipo de contenido texto
Código de tipo de contenido txt
337 ## - TIPO DE MEDIO
Fuente rdamedia
Nombre del tipo de medio otro
Código del tipo de medio n
338 ## - TIPO DE SOPORTE
Fuente rdacarrier
Nombre del tipo de soporte volumen
Código Tipo de soporte nc
490 1# - MENCIÓN DE SERIE
Mención de serie The Master reference collection.
504 ## - NOTA DE BIBLIOGRAFÍA, ETC.
Nota de bibliografía, etc Incluye referencias bibliográficas e índices.
505 ## - NOTA DE CONTENIDO
Nota de contenido con formato preestablecido Sobre conocer a Dios - El Dios desconocido - La Biblia - La autoridad de las Escrituras - La prueba de las Escrituras - ¿Cuán verdadera es la Biblia? - Crítica bíblica moderna - Cómo interpretar la Biblia - El Dios verdadero - Dios en tres personas - Nuestro Dios soberano - Santo, santo, santo - El Dios que conoce - Dios que no cambia - El creación del hombre - Naturaleza - El mundo de los espíritus - La providencia de Dios - La caída - Los resultados de la caída - La esclavitud de la voluntad - El propósito de la ley de Dios - Los diez mandamientos: el amor de Dios - - Los diez mandamientos: el amor a los demás - La ira de Dios - La salvación en el Antiguo Testamento - La deidad de Jesucristo - La humanidad de Jesucristo - Por qué Cristo se hizo hombre - Profeta, sacerdote y rey ​​- Apagando la ira de Dios - Pagado en su totalidad - La grandeza del amor de Dios - La doctrina fundamental: la resurrección - Verificando la resurrección - Ascendió al cielo. -- Cristianismo personal - La obra del Espíritu Santo - La unión con Cristo - El nuevo nacimiento - La fe y el arrepentimiento - La justificación por la fe: el eje de la salvación - La justificación por la fe: el lugar de las obras - Las pruebas de Fe - Una nueva familia - El camino ascendente - Abrazar lo negativo - Libertad, libertad - Conocer la voluntad de Dios - Hablar con Dios - Dios hablándonos - Servir - Llamados por Dios - El guardando el poder de Dios - ¿Qué me pasa? - La marcha del tiempo - Cristo, el punto focal de la historia - La iglesia de Cristo - Las marcas de la iglesia - Cómo adorar a Dios - Las señales y sellos de la salvación - Los dones espirituales - Equipar a los santos - La iglesia Gobierno - Vida del cuerpo - La gran comisión - La ciudad secular - La iglesia secular - La ciudad de Dios - La iglesia y el estado - ¿Cómo terminará todo? -- Por fin en casa.
505 0# - NOTA DE CONTENIDO
Nota de contenido con formato preestablecido Personal Christianity -- The work of the Holy Spirit -- Union with Christ -- The new birth -- Faith and repentance -- Justification by faith : the hinge of salvation -- Justification by faith : the place of works -- The tests of faith -- A new family -- The upward way -- Embrace the negative -- Freedom, freedom -- Knowing the will of God -- Talking to God -- God talking to us -- Serving -- Called by God -- The keeping power of God -- What's wrong with me? -- The march of time -- Christ, the focal point of history -- Christ's church -- The marks of the church -- How to worship God -- Salvation's signs and seals -- Spiritual gifts -- Equipping the saints -- Church government -- Body life -- The great commission -- The secular city -- The secular church -- God's city -- Church and state -- How will it all end? -- Home at last.
563 ## - NOTA DE ENCUADERNACIÓN
Nota de encuadernación Tapa dura
650 #7 - ASIENTO SECUNDARIO DE MATERIA - TERMINO TEMÁTICO
Término temático o nombre geográfico como elemento de entrada Teología doctrinal
9 (RLIN) 179
830 #0 - PUNTO DE ACCESO ADICIONAL DE SERIE - TÍTULO UNIFORME
Título uniforme Master reference collection.
942 ## - TIPO DE MATERIAL (KOHA)
Tipo de Item KOHA Libros General
945 ## - INFORMACIÓN LOCAL DEL REGISTRO
Catalogador JTF-925
Existencias
Estado de Material Estado de Perdido Forma de Clasificación Estado de Dañado No para Préstamo Colección Biblioteca de Origen Biblioteca Permanente Fecha de Adquisición Área Total de Préstamos Signatura Topográfica Código de Barras Última vez visto Ejemplar/Existencia Fecha de Remplazo Tipo de Material
    Dewey Decimal Classification     Colección General Biblioteca FUSBC Biblioteca FUSBC 15/03/2021 BIBLIA   G 230.51 B678f 9296 15/03/2021 Ej. 1 15/03/2021 Libros General

Biblioteca FUSBC | Teléfono: (57+4) 349 88 10 Ext. 141| WhatsApp (+57) 3005338115 
E-mail: biblioteca@unisbc.edu.co | Calle 76 87-14 Robledo Palenque, Medellín, Colombia

Con tecnología Koha